Spevy našho ľudu : Slovensky ľudový umelecký kolektív /
Uložené v:
| Hlavní autori: | , , , , , |
|---|---|
| Korporatívny autor: | |
| Ďalší autori: | |
| Médium: | Zvuková nahrávka |
| Jazyk: | Slovak |
| Vydané: |
Bratislava :
Opus,
1986.
|
| Fyzický popis: |
1 gramofónová platňa : 33 stereo ; 30 cm. |
| Tagy: |
Pridať tag
Žiadne tagy, Buďte prvý kto otaguje tento záznam!
|
Titul je dostupný aj v ... 

MARC
| LEADER | 00000njm a2200000 a 4500 | ||
|---|---|---|---|
| 001 | 000420175 | ||
| 003 | SVKKK | ||
| 005 | 20240905122922.0 | ||
| 008 | 130606s1986 xo slo d | ||
| 028 | 0 | 1 | |a 9117 1909 |b Opus |
| 040 | |a SVKKK |b slo |c SVKKK |e AACR2 | ||
| 041 | 0 | |a slo | |
| 044 | |a xo |c SK | ||
| 080 | |a 785.161 |2 2001 | ||
| 245 | 0 | 0 | |a Spevy našho ľudu : |b Slovensky ľudový umelecký kolektív / |h zvukový záznam |
| 260 | |a Bratislava : |b Opus, |c 1986. | ||
| 300 | |a 1 gramofónová platňa : |b 33 stereo ; |c 30 cm. | ||
| 505 | 0 | |t Regrútske piesne pre mužský zbor a cappella -- |t Pastierske hry z Liptova a Šariša pre mužský, ženský a zmiešaný zbor, lesný roh a zvonce -- |t Oračské spevy pre zmiešaný zbor a cappella -- |t Vence my vijeme -- |t Kraviarky -- |t Na salaši | |
| 511 | 0 | |a Zbor a orchester SĽUKu dir. P. Procházka | |
| 700 | 1 | |a Hrušovský, Ivan, |d 1927-2001 |4 cmp | |
| 700 | 1 | |a Domanský, Hanuš, |d 1944- |4 cmp | |
| 700 | 1 | |a Bokes, Vladimír |4 cmp | |
| 700 | 1 | |a Zeljenka, Ilja, |d 1932-2007 |4 cmp | |
| 700 | 1 | |a Bázlik, Miroslav, |d 1931-2024 |4 cmp | |
| 700 | 1 | |a Dibák, Igor, |d 1947-2021 |4 cmp | |
| 700 | 1 | |a Procházka, Pavol |4 cnd | |
| 710 | 2 | |a Zbor a orchester Slovenského ľudového umeleckého kolektívu |4 prf | |
| 910 | |a svkkk | ||
| 998 | |a AM | ||
| 090 | |g SCKHL |k Sklad Pribinova 1. posch. |a IIIG.4721 |j 6596 |i 2720301870 |s Prezenčne CD, DVD | ||
| 924 | |a LP | ||
| 924 | |a AVM | ||